| 000 | 01140nam a2200193 i 4500 | ||
|---|---|---|---|
| 001 | 3673 | ||
| 003 | ES-MaACL | ||
| 005 | 20250902073145.0 | ||
| 008 | 200220s1967 sp |||| | spa d | ||
| 245 | 0 | 0 |
_aSiderometalurgia _b: Reglamentación nacional de trabajo en la industria siderometalúrgica... en la industria metalgráfica y de construcción de envases métalicos.- Normas de óptica y mecánica de precisión..., de tendido de líneas de conducción de energía eléctrica y electrificación de ferrocarriles y trolebuses.- Modificaciones y aclaraciones al día.- Convenios colectivos sindicales.- Decretos 2419 y 2946/66 y normas para su aplicación.- Estatutos de las Mutualidades Laborales. |
| 260 |
_aMadrid : _bGarcía Enciso, _c1967. |
||
| 300 |
_a366 p. ; _c15 cm. |
||
| 490 | 1 | _aColección "García Enciso" | |
| 650 | 4 |
_aTrabajadores de la industria siderúrgica- _xEstatuto jurídico- _zEspaña. _9165906 |
|
| 650 | 4 |
_aTrabajadores de la industria metalúrgica- _xEstatuto jurídico- _zEspaña. _9169620 |
|
| 830 | 0 | 0 |
_aColección "García Enciso" _9176884 |
| 852 |
_aES-MaACL _jP-1332-19 |
||
| 999 |
_c3673 _d3673 |
||